[Event "?"]
[Site "ICS rated blitz match, 192.23"]
[Date "1997.??.??"]
[Round "?"]
[White "Brause"]
[Black "EGIS"]
[Result "1-0"]
[WhiteElo "2575"]
[BlackElo "2085"]
[PlyCount "66"]

1. e4 e5 2. Nf3 Nc6 3. Nc3 Nf6 4. Nxe5 Nxe5 5. d4 Nc6 6. d5 Nb8 7. e5 Qe7 8.
Qe2 Ng8 9. d6 cxd6 10. Nd5 Qxe5 11. Qxe5+ dxe5 12. Nc7+ Kd8 13. Nxa8 Nc6 14.
Bb5 Bc5 15. O-O b6 16. Bg5+ f6 17. Bxc6 dxc6 18. Rad1+ Ke7 19. Be3 Bxe3 20.
fxe3 Nh6 21. Nc7 Bb7 22. Rf3 Rc8 23. Rg3 g6 24. Rh3 Rxc7 25. Rxh6 Ke6 26. Rd8
c5 27. Rh8 Be4 28. R6xh7 Rxh7 29. Rxh7 a5 30. c4 g5 31. Rh8 Bd3 32. Rb8 Bxc4
33. Rxb6+ Kd5 1-0

[Event "?"]
[Site "ICS rated blitz match, 192.23"]
[Date "1997.??.??"]
[Round "?"]
[White "Brause"]
[Black "EGIS"]
[Result "1-0"]
[WhiteElo "2580"]
[BlackElo "2080"]
[PlyCount "49"]

1. e4 e5 2. Nf3 Nc6 3. Nc3 Nf6 4. Nxe5 Nxe5 5. d4 Nc6 6. d5 Nb8 7. e5 Qe7 8.
Qe2 Ng4 9. Qxg4 Qxe5+ 10. Be2 Bc5 11. Bf4 Qf6 12. O-O O-O 13. Bxc7 d6 14. Qc4
Bf5 15. Qb3 b6 16. Nb5 Nd7 17. Bd3 Bxd3 18. cxd3 a6 19. d4 axb5 20. dxc5 bxc5
21. Qxb5 Ne5 22. b3 Qg6 23. Qb6 Nf3+ 24. Kh1 Qh5 25. Bxd6 1-0

[Event "?"]
[Site "ICS rated blitz match, 192.23"]
[Date "1997.??.??"]
[Round "?"]
[White "Brause"]
[Black "EGIS"]
[Result "1-0"]
[WhiteElo "2555"]
[BlackElo "2065"]
[PlyCount "89"]

1. e4 e5 2. Nf3 Nc6 3. Nc3 Nf6 4. Nxe5 Nxe5 5. d4 Nc6 6. d5 Nb8 7. e5 Qe7 8.
Qe2 Ng8 9. d6 cxd6 10. Nd5 Qxe5 11. Qxe5+ dxe5 12. Nc7+ Kd8 13. Nxa8 b6 14. Be3
Bc5 15. Bxc5 bxc5 16. Bc4 Bb7 17. Bxf7 Bxa8 18. Rg1 Nf6 19. Bc4 d5 20. Bd3 e4
21. Be2 Kc7 22. Rd1 Nbd7 23. Kd2 Ne5 24. Rc1 Rb8 25. b3 Bc6 26. h3 Kd6 27. Rge1
d4 28. Ra1 e3+ 29. fxe3 Ne4+ 30. Kc1 dxe3 31. Ba6 Bb5 32. Bxb5 Rxb5 33. Rxe3
Nf6 34. c4 Rb7 35. Kc2 Re7 36. Rd1+ Kc6 37. Rd8 Ng6 38. Rc8+ Kb6 39. Rxe7 Nxe7
40. Rb8+ Kc7 41. Rf8 Kb6 42. Rf7 Nf5 43. g4 Nd4+ 44. Kd3 Ne8 45. Re7 1-0

[Event "?"]
[Site "ICS rated blitz match, 192.23"]
[Date "1997.??.??"]
[Round "?"]
[White "Brause"]
[Black "EGIS"]
[Result "1-0"]
[WhiteElo "2560"]
[BlackElo "2065"]
[PlyCount "85"]

1. e4 e5 2. Nf3 Nc6 3. Nc3 Nf6 4. Nxe5 Nxe5 5. d4 Nc6 6. d5 Nb8 7. e5 Qe7 8.
Qe2 Ng8 9. d6 cxd6 10. Nd5 Qxe5 11. Qxe5+ dxe5 12. Nc7+ Kd8 13. Nxa8 Bc5 14.
Bc4 f6 15. O-O Ne7 16. Bd2 b6 17. b4 Bd6 18. Rad1 Nbc6 19. b5 Nd4 20. c3 Ndf5
21. g4 Nh4 22. Be3 Bc5 23. Bxc5 bxc5 24. Rd3 Bb7 25. Rfd1 Nf3+ 26. Kf1 Nxh2+
27. Ke2 d5 28. Bxd5 Nxd5 29. Rxd5+ Bxd5 30. Rxd5+ Kc8 31. Rxc5+ Kb7 32. Nc7 Rc8
33. Ne6 Rxc5 34. Nxc5+ Kb6 35. Ne6 Nxg4 36. c4 g5 37. a4 h5 38. c5+ Kb7 39. c6+
Kc8 40. a5 f5 41. b6 axb6 42. a6 Nf6 43. a7 1-0

[Event "?"]
[Site "ICS rated blitz match, 192.23"]
[Date "1997.??.??"]
[Round "?"]
[White "Brause"]
[Black "EGIS"]
[Result "1-0"]
[WhiteElo "2560"]
[BlackElo "2065"]
[PlyCount "73"]

1. e4 e5 2. Nf3 Nc6 3. Nc3 Nf6 4. Nxe5 Nxe5 5. d4 Nc6 6. d5 Nb8 7. e5 Qe7 8.
Qe2 Ng8 9. d6 cxd6 10. Nd5 Qxe5 11. Nc7+ Kd8 12. Nxa8 Nc6 13. Qxe5 dxe5 14. Bb5
Bc5 15. O-O Nge7 16. Be3 Bxe3 17. fxe3 f6 18. g4 b6 19. g5 Rf8 20. gxf6 gxf6
21. Bd3 h6 22. Rf3 Bb7 23. Nxb6 axb6 24. Raf1 Nd5 25. Rh3 Rh8 26. Be4 Na5 27.
Bxd5 Bxd5 28. Rxf6 Nc4 29. b3 Rg8+ 30. Rg3 Rxg3+ 31. hxg3 Nxe3 32. Rxb6 h5 33.
c4 Bc6 34. Rb8+ Ke7 35. Rh8 Bf3 36. Kf2 Ng4+ 37. Kxf3 1-0

[Event "?"]
[Site "ICS rated blitz match, 192.23"]
[Date "1997.??.??"]
[Round "?"]
[White "Brause"]
[Black "EGIS"]
[Result "1-0"]
[WhiteElo "2565"]
[BlackElo "2060"]
[PlyCount "59"]

1. e4 e5 2. Nf3 Nc6 3. Nc3 Nf6 4. Nxe5 Nxe5 5. d4 Nc6 6. d5 Nb8 7. e5 Ng8 8. d6
cxd6 9. exd6 Qb6 10. Nb5 Kd8 11. Nc7 Bxd6 12. Nxa8 Qa5+ 13. Qd2 Qe5+ 14. Qe3
Nf6 15. Qxe5 Bxe5 16. f4 Bd4 17. c3 Re8+ 18. Be2 b6 19. Kf1 Bc5 20. b4 Bd6 21.
Bf3 Ne4 22. Be3 Ba6+ 23. Kg1 Nxc3 24. Kf2 Ne4+ 25. Bxe4 Rxe4 26. a3 Bb7 27.
Nxb6 axb6 28. Bxb6+ Ke7 29. g3 Na6 30. Rhe1 1-0

[Event "?"]
[Site "ICS rated blitz match, 192.23"]
[Date "1997.??.??"]
[Round "?"]
[White "Brause"]
[Black "EGIS"]
[Result "1-0"]
[WhiteElo "2565"]
[BlackElo "2060"]
[PlyCount "27"]

1. e4 e5 2. Nf3 Nc6 3. Nc3 Nf6 4. Nxe5 Nxe5 5. d4 Nc6 6. d5 Nb8 7. e5 Ng8 8. d6
cxd6 9. exd6 Qb6 10. Nb5 Na6 11. Qe2+ Kd8 12. Be3 Qa5+ 13. c3 Nf6 14. Qc4 1-0

[Event "?"]
[Site "ICS rated blitz match, 192.23"]
[Date "1997.??.??"]
[Round "?"]
[White "Brause"]
[Black "EGIS"]
[Result "1-0"]
[WhiteElo "2565"]
[BlackElo "2055"]
[PlyCount "81"]

1. e4 e5 2. Nf3 Nc6 3. Nc3 Nf6 4. Nxe5 Nxe5 5. d4 Nc6 6. d5 Nb8 7. e5 Qe7 8.
Qe2 Ng8 9. d6 cxd6 10. Nd5 Qxe5 11. Nc7+ Kd8 12. Nxa8 Nc6 13. Qxe5 dxe5 14. Bb5
Bc5 15. O-O Nge7 16. Bg5 f6 17. Bd2 b6 18. Rad1 Bb7 19. b4 Bxa8 20. bxc5 bxc5
21. Rb1 Kc7 22. Bd3 d5 23. Ba6 Rb8 24. f3 Rxb1 25. Rxb1 d4 26. Bd3 Nd5 27. Bxh7
Ncb4 28. Kf2 Bc6 29. Rb3 a5 30. Ra3 a4 31. Be4 Bb5 32. c3 dxc3 33. Bxc3 Nxc3
34. Rxc3 Kd6 35. a3 Na6 36. Rc2 Nc7 37. Rd2+ Ke6 38. Rd8 f5 39. Rc8 fxe4 40.
Rxc7 exf3 41. gxf3 1-0

[Event "?"]
[Site "ICS rated blitz match, 192.23"]
[Date "1997.??.??"]
[Round "?"]
[White "Brause"]
[Black "EGIS"]
[Result "1-0"]
[WhiteElo "2570"]
[BlackElo "2055"]
[PlyCount "45"]

1. e4 e5 2. Nf3 Nc6 3. Nc3 Nf6 4. Nxe5 Nxe5 5. d4 Nxe4 6. Nxe4 Ng6 7. c4 Bb4+
8. Bd2 Bxd2+ 9. Qxd2 O-O 10. Nc3 Re8+ 11. Be2 c6 12. O-O d5 13. cxd5 cxd5 14.
Rae1 a6 15. f4 Qd6 16. Bf3 Rxe1 17. Rxe1 Bf5 18. Bxd5 Nxf4 19. Bxb7 Rb8 20.
Bxa6 Be6 21. Bf1 Rd8 22. Nb5 Qb6 23. Qxf4 1-0

[Event "?"]
[Site "ICS rated blitz match, 192.23"]
[Date "1997.??.??"]
[Round "?"]
[White "Brause"]
[Black "EGIS"]
[Result "1-0"]
[WhiteElo "2575"]
[BlackElo "2050"]
[PlyCount "37"]

1. e4 e5 2. Nf3 Nc6 3. Nc3 Nf6 4. Nxe5 Nxe5 5. d4 Nc6 6. d5 Nb4 7. Bc4 b5 8.
Bxb5 c6 9. dxc6 dxc6 10. Qxd8+ Kxd8 11. Ba4 Kc7 12. Bf4+ Bd6 13. Bxd6+ Kxd6 14.
O-O-O+ Kc7 15. Rd4 c5 16. Rc4 Kb6 17. Bb3 Be6 18. Na4+ Ka6 19. Nxc5+ 1-0

[Event "?"]
[Site "ICS rated blitz match, 192.23"]
[Date "1997.??.??"]
[Round "?"]
[White "Brause"]
[Black "EGIS"]
[Result "1-0"]
[WhiteElo "2575"]
[BlackElo "2050"]
[PlyCount "38"]

1. e4 e5 2. Nf3 Nc6 3. Nc3 Nf6 4. Nxe5 Nxe5 5. d4 Nc6 6. d5 Nb4 7. Bc4 b5 8.
Bxb5 c6 9. dxc6 dxc6 10. Qxd8+ Kxd8 11. Ba4 Kc7 12. Bf4+ Bd6 13. Bxd6+ Kxd6 14.
O-O-O+ Kc7 15. Rd4 a5 16. a3 Na6 17. Rc4 c5 18. Bb5 Nd7 19. Rd1 Bb7 1-0

[Event "?"]
[Site "ICS rated blitz match, 192.23"]
[Date "1997.??.??"]
[Round "?"]
[White "Brause"]
[Black "EGIS"]
[Result "1-0"]
[WhiteElo "2575"]
[BlackElo "2050"]
[PlyCount "47"]

1. e4 e5 2. Nf3 Nf6 3. Nc3 Nc6 4. Nxe5 Nxe5 5. d4 Nc6 6. d5 Nb8 7. e5 Ng8 8. d6
c6 9. Bc4 f6 10. Qh5+ g6 11. exf6 Qxf6 12. Qe2+ Be7 13. Ne4 Qe5 14. f4 Qg7 15.
O-O Kd8 16. dxe7+ Nxe7 17. Bd2 d5 18. Bc3 Qf8 19. Rad1 Bd7 20. Nc5 Rg8 21.
Nxb7+ Kc7 22. Nc5 Nf5 23. Ba5+ Kc8 24. Ba6+ 1-0

[Event "?"]
[Site "ICS rated blitz match, 192.23"]
[Date "1997.??.??"]
[Round "?"]
[White "Brause"]
[Black "EGIS"]
[Result "1-0"]
[WhiteElo "2575"]
[BlackElo "2045"]
[PlyCount "22"]

1. e4 e5 2. Nf3 Nc6 3. Nc3 Nf6 4. Nxe5 Nxe5 5. d4 Ng6 6. e5 Ng8 7. Bc4 f6 8.
Qh5 fxe5 9. Bxg8 exd4 10. Bxh7 Qe7+ 11. Ne2 Kd8 1-0

[Event "?"]
[Site "ICS rated blitz match, 192.23"]
[Date "1997.??.??"]
[Round "?"]
[White "Brause"]
[Black "EGIS"]
[Result "1-0"]
[WhiteElo "2580"]
[BlackElo "2045"]
[PlyCount "97"]

1. e4 e5 2. Nf3 Nc6 3. Nc3 Nf6 4. Nxe5 Nxe5 5. d4 Ng6 6. e5 Ng8 7. Bc4 d5 8.
Nxd5 c6 9. Ne3 Be6 10. O-O Bxc4 11. Nxc4 Qc7 12. c3 O-O-O 13. Bg5 f6 14. exf6
gxf6 15. Qg4+ Qd7 16. Qxd7+ Rxd7 17. Bd2 N8e7 18. Rae1 Bg7 19. Re6 Kc7 20. Rfe1
Nf5 21. Kf1 Nd6 22. Na5 b6 23. Nb3 Kd8 24. Na1 Re8 25. Rxe8+ Nxe8 26. b4 Re7
27. c4 Rxe1+ 28. Kxe1 Nd6 29. c5 Nb5 30. Nb3 f5 31. cxb6 axb6 32. a4 Nxd4 33.
Nxd4 Bxd4 34. a5 bxa5 35. bxa5 Ba7 36. Bc3 Kd7 37. Bd2 Ke6 38. Ke2 Kd5 39. f3
Ne5 40. g3 Nc4 41. Be1 c5 42. Kd3 Nd6 43. f4 c4+ 44. Kc2 Bd4 45. a6 Nb5 46. Ba5
Kc6 47. h3 h5 48. Kd2 Na3 49. Bb4 1-0

[Event "?"]
[Site "ICS rated blitz match, 192.23"]
[Date "1997.??.??"]
[Round "?"]
[White "Brause"]
[Black "xdeadman"]
[Result "1-0"]
[WhiteElo "2585"]
[BlackElo "2275"]
[PlyCount "75"]

1. e4 e5 2. Nf3 Nc6 3. Nc3 Nf6 4. Nxe5 Nxe5 5. d4 Ng6 6. e5 Ng8 7. Bc4 d5 8.
Nxd5 Be6 9. Ne3 Bxc4 10. Nxc4 c5 11. d5 b5 12. Na3 Nxe5 13. O-O Bd6 14. Qe2 Ne7
15. f4 N5g6 16. Qxb5+ Qd7 17. Qxd7+ Kxd7 18. c4 Rab8 19. Bd2 Rxb2 20. Bc3 Re2
21. Bxg7 Rg8 22. f5 Nh4 23. g3 Rxg7 24. f6 Rg6 25. fxe7 Bxg3 26. Rxf7 Bxh2+ 27.
Kf1 Rb2 28. e8=Q+ Kxe8 29. Nc2 Kxf7 30. Ke2 Rxc2+ 31. Kd3 Rgg2 32. Rf1+ Ke7 33.
Re1+ Kd7 34. Rd1 Nf5 35. Rf1 Nd6 36. a3 Rgd2+ 37. Ke3 Re2+ 38. Kd3 1-0

[Event "?"]
[Site "ICS rated blitz match, 192.23"]
[Date "1997.??.??"]
[Round "?"]
[White "Brause"]
[Black "oldtimer"]
[Result "0-1"]
[WhiteElo "2595"]
[BlackElo "2620"]
[PlyCount "164"]

1. e4 e5 2. Nf3 Nc6 3. Nc3 Nf6 4. Nxe5 Nxe5 5. d4 Ng6 6. e5 Ng8 7. Bc4 d5 8.
Nxd5 N8e7 9. Ne3 c6 10. O-O Be6 11. Bxe6 fxe6 12. c3 Nd5 13. Qg4 Qd7 14. Nxd5
cxd5 15. Be3 Be7 16. Rac1 O-O 17. c4 dxc4 18. Rxc4 Bd8 19. Rfc1 Ne7 20. Bd2 Nd5
21. R1c2 Qf7 22. f3 Be7 23. Qe4 Qf5 24. b3 g5 25. Rc1 h5 26. Qe2 Kg7 27. Kh1
Rad8 28. Ra4 a6 29. Ba5 Rde8 30. Bd2 g4 31. fxg4 hxg4 32. Rac4 Rf7 33. Re1 Ref8
34. Rcc1 Bg5 35. Bxg5 Qxg5 36. a3 Rf2 37. Qd3 Qf5 38. Qxf5 R8xf5 39. Kg1 Rb2
40. Rb1 Rff2 41. Rxb2 Rxb2 42. Re4 Rxb3 43. Rxg4+ Kf7 44. h4 Ne7 45. h5 Nf5 46.
Rf4 Rd3 47. Kf2 Rxd4 48. Kf3 Rxf4+ 49. Kxf4 b5 50. g4 Ne7 51. Ke4 a5 52. g5 Nf5
53. Kd3 Ng3 54. h6 Kg6 55. Ke3 b4 56. axb4 axb4 57. Kd4 b3 58. Kc3 Ne4+ 59.
Kxb3 Nxg5 60. Kc4 Kxh6 61. Kc5 Nf7 62. Kd4 Kg5 63. Ke4 Kg4 64. Kd4 Kf4 65. Kc5
Kxe5 66. Kc4 Ke4 67. Kc3 Ke3 68. Kc4 Nd6+ 69. Kc5 Nf5 70. Kb5 Kd4 71. Kb4 e5
72. Kb3 Kd3 73. Kb2 e4 74. Ka3 e3 75. Ka4 e2 76. Ka5 Kc4 77. Kb6 e1=Q 78. Kc6
Qe6+ 79. Kc7 Kb5 80. Kb7 Qe7+ 81. Ka8 Kb6 82. Kb8 Qe8# 0-1

[Event "?"]
[Site "ICS rated blitz match, 192.23"]
[Date "1997.??.??"]
[Round "?"]
[White "Brause"]
[Black "chesshazard"]
[Result "1-0"]
[WhiteElo "2600"]
[BlackElo "1910"]
[PlyCount "27"]

1. e4 e5 2. Nf3 Nc6 3. Nc3 Nf6 4. Nxe5 Nxe5 5. d4 Ng6 6. e5 Ng8 7. Bc4 Bb4 8.
Qf3 Qe7 9. O-O Bxc3 10. bxc3 f6 11. exf6 Nxf6 12. Bg5 Rf8 13. Rae1 Ne4 14. Qxe4
1-0

[Event "?"]
[Site "ICS rated blitz match, 192.23"]
[Date "1997.??.??"]
[Round "?"]
[White "Brause"]
[Black "Motoman"]
[Result "1-0"]
[WhiteElo "2605"]
[BlackElo "1920"]
[PlyCount "73"]

1. e4 e5 2. Nf3 Nf6 3. Nc3 Nc6 4. Nxe5 Nxe5 5. d4 Nc6 6. d5 Nb4 7. Bc4 d6 8.
O-O Be7 9. a3 Na6 10. Bxa6 bxa6 11. f3 Bd7 12. Qe2 Qb8 13. Qxa6 Qb6+ 14. Qxb6
axb6 15. Be3 O-O 16. Rad1 Bc8 17. Nb5 Ba6 18. Nxc7 Bxf1 19. Nxa8 Rxa8 20. Kxf1
b5 21. Ke2 Nd7 22. Bd4 Bf6 23. Bxf6 Nxf6 24. Rd4 Ra4 25. Rxa4 bxa4 26. b3 Kf8
27. bxa4 Ke7 28. a5 Kd8 29. Ke3 Kc7 30. Kd4 Nd7 31. Kc4 Kb7 32. Kb5 g5 33. a6+
Ka7 34. Kc6 Nc5 35. e5 Nxa6 36. exd6 Nb8+ 37. Kc7 1-0

[Event "?"]
[Site "ICS rated blitz match, 192.23"]
[Date "1997.??.??"]
[Round "?"]
[White "Brause"]
[Black "Motoman"]
[Result "1-0"]
[WhiteElo "2610"]
[BlackElo "1920"]
[PlyCount "75"]

1. e4 e5 2. Nf3 Nf6 3. Nc3 Nc6 4. Nxe5 Nxe5 5. d4 Nc6 6. d5 Nb4 7. Bc4 d6 8.
O-O Be7 9. a3 Na6 10. Bxa6 bxa6 11. f3 c5 12. dxc6 Qb6+ 13. Rf2 Qxc6 14. Nd5
Nxd5 15. exd5 Qb6 16. Qe2 Bb7 17. c4 O-O 18. Qd3 Bf6 19. Be3 Qc7 20. Rb1 Rfe8
21. Re2 a5 22. b3 Rac8 23. Rbe1 a4 24. g4 axb3 25. Qxb3 Ba6 26. Rc2 Rb8 27. Qd3
Rec8 28. Bf2 Be5 29. Qd2 Qd8 30. f4 Bf6 31. g5 Be7 32. Qd4 Rb3 33. Qxa7 Bxg5
34. Qxa6 Bxf4 35. Rce2 Qg5+ 36. Kh1 Rf8 37. Re8 h5 38. Rxf8+ 1-0

[Event "?"]
[Site "ICS rated blitz match, 192.23"]
[Date "1997.??.??"]
[Round "?"]
[White "Brause"]
[Black "Motoman"]
[Result "1-0"]
[WhiteElo "2615"]
[BlackElo "1920"]
[PlyCount "29"]

1. e4 e5 2. Nf3 Nf6 3. Nc3 Nc6 4. Nxe5 Nxe5 5. d4 Nc6 6. d5 Nb4 7. a3 Na6 8. e5
Ng8 9. Qf3 d6 10. Bb5+ Ke7 11. exd6+ Qxd6 12. Qe2+ Be6 13. Bg5+ f6 14. Bf4 Qb6
15. Na4 1-0

[Event "?"]
[Site "ICS rated blitz match, 192.23"]
[Date "1997.??.??"]
[Round "?"]
[White "Brause"]
[Black "Dorobanov"]
[Result "0-1"]
[WhiteElo "2620"]
[BlackElo "2405"]
[PlyCount "152"]

1. e4 e5 2. Nf3 Nc6 3. Nc3 Nf6 4. Nxe5 Nxe5 5. d4 Ng6 6. e5 Ng8 7. Bc4 d5 8.
Nxd5 c6 9. Nf4 Nxf4 10. Bxf4 Be6 11. Bxe6 fxe6 12. O-O Qd7 13. Qg4 Ne7 14. c3
Ng6 15. Bg5 Be7 16. Bxe7 Qxe7 17. Rfe1 O-O 18. Re4 Qf7 19. f3 Qf5 20. Qxf5 Rxf5
21. Kf2 Ne7 22. Rd1 g6 23. h4 Raf8 24. Rd3 Rf4 25. Rxf4 Rxf4 26. g3 Rf8 27. b3
Rd8 28. f4 h5 29. Ke3 Nf5+ 30. Ke4 Kf7 31. Rf3 Rd5 32. Rd3 c5 33. a3 Ke7 34. a4
b6 35. dxc5 Rxd3 36. Kxd3 bxc5 37. Kc4 Nxg3 38. Kxc5 Kd7 39. b4 Nf5 40. c4 Nxh4
41. Kd4 Nf5+ 42. Ke4 Kc6 43. a5 a6 44. Kd3 Ne7 45. Ke3 Nc8 46. Kf2 Ne7 47. Ke3
Nf5+ 48. Kd3 h4 49. Ke2 Nd4+ 50. Kf2 Nc2 51. Kg2 Nxb4 52. Kh3 Kc5 53. Kxh4 Kxc4
54. Kg5 Nd5 55. Kxg6 Nxf4+ 56. Kg5 Nd3 57. Kg4 Kb5 58. Kf3 Kxa5 59. Ke4 Nxe5
60. Ke3 Kb4 61. Kd2 a5 62. Kc2 a4 63. Kb2 a3+ 64. Ka2 Nf3 65. Kb1 Kb3 66. Kc1
a2 67. Kd1 Nd4 68. Kd2 a1=Q 69. Ke3 Nc6 70. Kf3 Qe5 71. Kg2 Qf4 72. Kg1 Qf3 73.
Kh2 Qg4 74. Kh1 Nd4 75. Kh2 Nf3+ 76. Kh1 Qg1# 0-1

[Event "?"]
[Site "ICS rated blitz match, 192.23"]
[Date "1997.??.??"]
[Round "?"]
[White "Brause"]
[Black "Dorobanov"]
[Result "0-1"]
[WhiteElo "2595"]
[BlackElo "2430"]
[PlyCount "154"]

1. e4 e5 2. Nf3 Nc6 3. Nc3 Nf6 4. Nxe5 Nxe5 5. d4 Ng6 6. e5 Ng8 7. Bc4 d5 8.
Nxd5 c6 9. Nf4 Nxf4 10. Bxf4 Be6 11. Bxe6 fxe6 12. c3 Qd7 13. O-O Ne7 14. Be3
Ng6 15. Bg5 Be7 16. Bxe7 Qxe7 17. Qf3 Qf7 18. Qe4 O-O 19. Rae1 Qf4 20. Qc2 Qf5
21. Qb3 Qf7 22. g3 Qd7 23. Qb4 Qe7 24. Qc4 Qd7 25. Qb3 b6 26. Qc4 Qd5 27. Qxd5
cxd5 28. f4 Ne7 29. Kf2 Rac8 30. Ke2 g6 31. Kd3 Kg7 32. a4 h5 33. Rf3 Rc7 34.
b3 Rfc8 35. Rc1 a6 36. Rf2 Nf5 37. Rfc2 b5 38. axb5 axb5 39. Ra1 b4 40. Rac1
bxc3 41. Rxc3 Rxc3+ 42. Rxc3 Rxc3+ 43. Kxc3 Kf7 44. b4 Ke7 45. Kd3 Kd7 46. Kc3
Kc6 47. Kd3 Kb5 48. Kc3 Kb6 49. Kd3 Ka6 50. Kd2 Kb5 51. Kc3 Kc6 52. Kd3 Kb6 53.
Kc3 Kb5 54. Kd2 Nxd4 55. Kd3 Nf5 56. Kc3 d4+ 57. Kb3 Ne3 58. h3 Nd5 59. Kc2
Kxb4 60. Kd3 Kc5 61. Ke2 Kc4 62. Kd2 d3 63. g4 hxg4 64. hxg4 Nxf4 65. Ke3 g5
66. Kd2 Kd4 67. Ke1 Ke3 68. Kd1 d2 69. Kc2 Ke2 70. Kc3 d1=Q 71. Kb4 Qc2 72. Kb5
Qc3 73. Ka6 Qb4 74. Ka7 Qb5 75. Ka8 Nd5 76. Ka7 Qb6+ 77. Ka8 Nc7# 0-1

[Event "?"]
[Site "ICS rated blitz match, 192.23"]
[Date "1997.??.??"]
[Round "?"]
[White "Brause"]
[Black "Dorobanov"]
[Result "1/2-1/2"]
[WhiteElo "2570"]
[BlackElo "2455"]
[PlyCount "233"]

1. e4 e5 2. Nf3 Nc6 3. Nc3 Nf6 4. Nxe5 Nxe5 5. d4 Ng6 6. e5 Ng8 7. Bc4 d5 8.
Nxd5 c6 9. Nf4 Nxf4 10. Bxf4 Be6 11. Bxe6 fxe6 12. c3 Qd7 13. Qg4 Ne7 14. Bg5
Ng6 15. O-O Be7 16. Bxe7 Qxe7 17. Rae1 O-O 18. Re4 Qf7 19. f3 Qf5 20. Qxf5 Rxf5
21. Kf2 Raf8 22. Ke3 Rf4 23. g3 Rxe4+ 24. Kxe4 Rd8 25. f4 Ne7 26. Rf3 g6 27. b3
h5 28. Rd3 Kf7 29. a3 b6 30. Rf3 Nf5 31. Rd3 Ke7 32. c4 Kd7 33. d5 cxd5+ 34.
cxd5 exd5+ 35. Rxd5+ Ke7 36. Rxd8 Kxd8 37. b4 Ke7 38. b5 Kd8 39. Kd3 Kd7 40.
Ke4 Ke6 41. a4 Ne7 42. Ke3 Kd5 43. Kd3 Nf5 44. Kd2 Kc4 45. Ke2 Kb4 46. Kd3 Kxa4
47. Kc4 Ka5 48. e6 Ne7 49. h3 Ka4 50. g4 hxg4 51. hxg4 Ka5 52. Kd4 Kxb5 53. Ke5
a5 54. f5 gxf5 55. Kd6 Ng8 56. g5 a4 57. e7 Nxe7 58. Kxe7 a3 59. g6 a2 60. g7
a1=Q 61. g8=Q Qe5+ 62. Kd7 Kb4 63. Qa2 b5 64. Qd2+ Qc3 65. Qf4+ Kc5 66. Qxf5+
Kc4 67. Qe6+ Kb4 68. Qd5 Qc4 69. Qd2+ Qc3 70. Qg5 Kb3 71. Qxb5+ Qb4 72. Qd3+
Qc3 73. Qd5+ Qc4 74. Qe5 Qc3 75. Qe4 Qc4 76. Qe3+ Qc3 77. Qe6+ Qc4 78. Qf5 Qc3
79. Qf4 Qc4 80. Qg3+ Qc3 81. Qg2 Qd4+ 82. Ke6 Qc4+ 83. Ke5 Qc3+ 84. Kd6 Qd3+
85. Ke7 Qe3+ 86. Kf7 Qc3 87. Qb7+ Qb4 88. Qa8 Qc4+ 89. Kf6 Qc3+ 90. Kf5 Qc2+
91. Ke5 Qc3+ 92. Ke4 Qc4+ 93. Ke3 Qc3+ 94. Kf4 Qc4+ 95. Kg5 Qc5+ 96. Kg6 Qb6+
97. Kf5 Qb5+ 98. Kf6 Qa4 99. Qf3+ Ka2 100. Qe2+ Ka3 101. Qd3+ Qb3 102. Qd6+ Qb4
103. Qd5 Qb3 104. Qe4 Kb2 105. Qg2+ Qc2 106. Qd5 Qb3 107. Qd2+ Qc2 108. Qb4+
Qb3 109. Qe4 Qc3+ 110. Ke6 Qb3+ 111. Kd6 Qc2 112. Qb4+ Qb3 113. Qd2+ Qc2 114.
Qe3 Qc3 115. Qf2+ Qc2 116. Qf4 Qd3+ 117. Kc5 1/2-1/2

[Event "?"]
[Site "ICS rated blitz match, 192.23"]
[Date "1997.??.??"]
[Round "?"]
[White "Brause"]
[Black "Dorobanov"]
[Result "1/2-1/2"]
[WhiteElo "2565"]
[BlackElo "2455"]
[PlyCount "177"]

1. e4 e5 2. Nf3 Nc6 3. Nc3 Nf6 4. Nxe5 Nxe5 5. d4 Ng6 6. e5 Ng8 7. Bc4 d5 8.
Nxd5 c6 9. Nf4 Nxf4 10. Bxf4 Be6 11. Bxe6 fxe6 12. c3 Qd7 13. Qg4 Ne7 14. O-O
Ng6 15. Bg5 Be7 16. Bxe7 Qxe7 17. Rae1 O-O 18. Re4 Qf7 19. f3 Qf5 20. Qxf5 Rxf5
21. g3 Rd8 22. Kf2 Rf7 23. Ke3 Rfd7 24. Re1 Ne7 25. Rg4 g6 26. Kd3 h5 27. Rg5
Kg7 28. Kc4 Rf8 29. f4 Ng8 30. g4 h4 31. f5 exf5 32. gxf5 Rxf5 33. Rxf5 gxf5
34. Rg1+ Kf8 35. Rf1 Nh6 36. Rf4 Rg7 37. Rxh4 Nf7 38. Rh5 Rg5 39. Rxg5 Nxg5 40.
Kd3 Ke7 41. h4 Nh7 42. Ke3 Ke6 43. Kf4 b5 44. h5 a5 45. b3 a4 46. bxa4 bxa4 47.
c4 a3 48. d5+ cxd5 49. cxd5+ Kxd5 50. Kxf5 Nf8 51. h6 Nh7 52. Kg6 Nf8+ 53. Kf6
Nh7+ 54. Kg7 Ng5 55. Kg6 Ne6 56. Kf6 Nf8 57. Kg7 Ne6+ 58. Kf6 Nf8 59. Kf7 Nh7
60. Kg8 Ng5 61. Kg7 Kxe5 62. Kg6 Kf4 63. Kf6 Kg4 64. Kg6 Kf4 65. Kf6 Kg4 66.
Kg6 Ne6 67. h7 Nf8+ 68. Kf7 Nxh7 69. Ke6 Kf3 70. Kd6 Ke4 71. Kc5 Kd3 72. Kb4
Kc2 73. Kxa3 Kc3 74. Ka4 Kc4 75. a3 Nf8 76. Ka5 Kc5 77. a4 Nd7 78. Ka6 Kc6 79.
a5 Nb8+ 80. Ka7 Kc7 81. a6 Nd7 82. Ka8 Nb6+ 83. Ka7 Nc4 84. Ka8 Kc8 85. Ka7 Kc7
86. Ka8 Nb6+ 87. Ka7 Nc8+ 88. Ka8 Nb6+ 89. Ka7 1/2-1/2

[Event "?"]
[Site "ICS rated blitz match, 192.23"]
[Date "1997.??.??"]
[Round "?"]
[White "Brause"]
[Black "Dorobanov"]
[Result "1/2-1/2"]
[WhiteElo "2560"]
[BlackElo "2460"]
[PlyCount "107"]

1. e4 e5 2. Nf3 Nc6 3. Nc3 Nf6 4. Nxe5 Nxe5 5. d4 Ng6 6. e5 Ng8 7. Bc4 d5 8.
Nxd5 c6 9. Nf4 Nxf4 10. Bxf4 Be6 11. Bxe6 fxe6 12. c3 Qd7 13. Qg4 Ne7 14. Bg5
Ng6 15. O-O Be7 16. Bxe7 Qxe7 17. Rae1 O-O 18. Re4 Qf7 19. f3 Qf5 20. Qxf5 Rxf5
21. Kf2 Raf8 22. Ke3 Rf4 23. g3 Rxe4+ 24. Kxe4 Ne7 25. f4 g6 26. h3 h5 27. Rf3
Kg7 28. c4 Rd8 29. Ra3 a6 30. Rd3 Kf7 31. b4 Nf5 32. a4 b6 33. b5 axb5 34. axb5
cxb5 35. cxb5 Rd5 36. g4 hxg4 37. hxg4 Ng7 38. Rb3 Ke7 39. Rb4 Kf7 40. Rb2 Rd7
41. Kd3 g5 42. Rf2 gxf4 43. Rxf4+ Kg6 44. Rf8 Rb7 45. Ke4 Kg5 46. Kf3 Rd7 47.
Rb8 Rxd4 48. Rb7 Kg6 49. Rxb6 Rb4 50. Rb7 Rb3+ 51. Kf4 Rb4+ 52. Kf3 Rb3+ 53.
Ke4 Rb4+ 54. Kf3 1/2-1/2

[Event "?"]
[Site "ICS rated blitz match, 192.23"]
[Date "1997.??.??"]
[Round "?"]
[White "Brause"]
[Black "Dorobanov"]
[Result "0-1"]
[WhiteElo "2555"]
[BlackElo "2465"]
[PlyCount "152"]

1. e4 e5 2. Nf3 Nc6 3. Nc3 Nf6 4. Nxe5 Nxe5 5. d4 Ng6 6. e5 Ng8 7. Bc4 d5 8.
Nxd5 c6 9. Nf4 Nxf4 10. Bxf4 Be6 11. Bxe6 fxe6 12. c3 Qd7 13. Qd3 Ne7 14. O-O
Ng6 15. Qe3 Nxf4 16. Qxf4 Qf7 17. Qe4 Be7 18. b4 O-O 19. b5 Qf5 20. Qxf5 exf5
21. Rab1 Rab8 22. g3 Kf7 23. bxc6 bxc6 24. f3 Ke6 25. Kf2 Kd5 26. Rb3 Rb5 27.
Rfb1 Rfb8 28. Ra1 a5 29. Rab1 Rxb3 30. Rxb3 Rxb3 31. axb3 c5 32. Ke3 cxd4+ 33.
cxd4 Bd8 34. Kd3 Bb6 35. e6 Kxe6 36. Kc4 Kd6 37. Kb5 Bxd4 38. Kxa5 Kd5 39. b4
Kc4 40. b5 Kd3 41. b6 Be5 42. f4 Bd6 43. Kb5 g5 44. Kc6 Bb8 45. fxg5 Ke4 46.
Kb7 Be5 47. Kc8 Kf3 48. Kd7 Kg4 49. b7 Kxg5 50. Ke6 Bb8 51. Kd7 h5 52. Kc8 Be5
53. Kd7 Kg4 54. Ke6 Bb8 55. Kd7 Kh3 56. Kc8 Be5 57. Kd7 Kxh2 58. Ke6 Bb8 59.
Kxf5 Kxg3 60. Ke6 h4 61. Kd7 h3 62. Kc8 Bf4 63. b8=Q Bxb8 64. Kxb8 h2 65. Kc7
h1=Q 66. Kd6 Qe1 67. Kd5 Qe3 68. Kc4 Kf4 69. Kb4 Qd3 70. Kc5 Ke5 71. Kb4 Qc2
72. Kb5 Kd5 73. Kb6 Qc6+ 74. Ka5 Qb7 75. Ka4 Kc4 76. Ka3 Qb3# 0-1

[Event "?"]
[Site "ICS rated blitz match, 192.23"]
[Date "1997.??.??"]
[Round "?"]
[White "Brause"]
[Black "Dorobanov"]
[Result "1-0"]
[WhiteElo "2535"]
[BlackElo "2485"]
[PlyCount "126"]

1. e4 e5 2. Nf3 Nc6 3. Nc3 Nf6 4. Nxe5 Nxe5 5. d4 Ng6 6. e5 Ng8 7. Bc4 d5 8.
Nxd5 c6 9. Nf4 Nxf4 10. Bxf4 Be6 11. Bxe6 fxe6 12. c3 Qd7 13. Bg5 Ne7 14. O-O
Ng6 15. Qf3 Qf7 16. Qe4 Be7 17. Bxe7 Qxe7 18. Rae1 O-O 19. Re3 Qf7 20. Qc2 Rad8
21. Rfe1 Qf5 22. Re4 Rd7 23. g3 Rfd8 24. Qa4 a6 25. Qc4 Ne7 26. Rf4 Qg6 27. Qe2
Rf8 28. Rxf8+ Kxf8 29. Qf3+ Qf5 30. Kg2 Qxf3+ 31. Kxf3 Kf7 32. Ke4 g6 33. Rd1
h5 34. Rd3 Nf5 35. b3 c5 36. dxc5 Rxd3 37. Kxd3 Ke7 38. b4 Kd7 39. Ke4 Kc6 40.
f3 g5 41. f4 g4 42. Kd3 Kb5 43. Ke2 Kc4 44. Kd2 Ne7 45. a3 Kb3 46. c4 Kxc4 47.
Kc2 Nf5 48. Kd1 Kb3 49. Kd2 Kxa3 50. Kc3 Ka4 51. c6 bxc6 52. Kc4 Ne7 53. Kc5
Ka3 54. Kd6 Nf5+ 55. Kxe6 Nd4+ 56. Kf6 Kxb4 57. e6 Nb5 58. f5 a5 59. Ke5 a4 60.
f6 a3 61. f7 a2 62. f8=Q+ Kb3 63. Qf1 Nc3 1-0